Tres sombreros de copa

保存先:
書誌詳細
第一著者: Mihura, Miguel (autor)
フォーマット: 図書
言語:スペイン語
出版事項: Madrid Castalia 1980
シリーズ:Colección Clásicos Castalia, 80
主題:
タグ: タグ追加
タグなし, このレコードへの初めてのタグを付けませんか!

MARC

LEADER 00000nam a2200000 a 4500
001 UCT5809
003 CL-VaPUC
008 961223e19800000SP |||||||||||||||||spa|d
082 0 4 |a 862  |b MIH  |2 21 
100 |a Mihura, Miguel  |e autor  |9 375372 
245 1 0 |a Tres sombreros de copa 
246 1 0 |a Maribel y la extraña familia 
300 |a 217 p 
942 |c BK 
945 |d 19961223 00:00:00  |a nastorga 
260 |a Madrid  |b Castalia  |c 1980 
650 0 |a Dramas españoles  |9 267081 
583 |a last modification  |c 19961223 00:00:00  |k Rodrigo Vera 
490 0 |a Colección Clásicos Castalia, 80 
999 |c 254615  |d 254613 
952 |0 0  |1 0  |4 0  |6 862_000000000000000_MIH_1980  |7 0  |8 R  |9 276419  |a BIBEDU  |b BIBEDU  |c MCIRC  |d 2019-11-19  |i 3261581  |o 862 MIH 1980  |p 3261581  |r 2023-01-13  |w 2019-11-19  |y BK_R  |k LIT